Normal view MARC view

Entry Personal Name

Number of records used in: 1

001 - CONTROL NUMBER

  • control field: 1213629

003 - CONTROL NUMBER IDENTIFIER

  • control field: OSt

005 - DATE AND TIME OF LATEST TRANSACTION

  • control field: 20260324142908.0

008 - FIXED-LENGTH DATA ELEMENTS

  • fixed length control field: 260324|| aca||aabn | a|a d

040 ## - CATALOGING SOURCE

  • Original cataloging agency: OSt
  • Transcribing agency: OSt

100 ## - HEADING--PERSONAL NAME

  • Personal name: Joshua Alspector; Timothy X. Brown; Rodney Goodman

670 ## - SOURCE DATA FOUND

  • Source citation: Work cat.: (OSt)1818383: Joshua Alspector; Timothy X. Brown; Rodney Goodman, Proceedings of the International Workshop on Applications of Neural Networks to Telecommunications
Copyright @ Delhi University Library System